عرض عادي
عرض مارك
مدخل Personal Name
001 - CONTROL NUMBER
- control field: 10589
003 - CONTROL NUMBER IDENTIFIER
- control field: DLC
005 - DATE AND TIME OF LATEST TRANSACTION
- control field: 20260211105353.0
008 - FIXED-LENGTH DATA ELEMENTS
- fixed length control field: 850220n| acannaabn |b aaa
010 ## - LIBRARY OF CONGRESS CONTROL NUMBER
- LC control number: n 85000743
- Canceled/invalid LC control number: n 82085885
035 ## - SYSTEM CONTROL NUMBER
- System control number: (OCoLC)oca01312552
040 ## - CATALOGING SOURCE
- Original cataloging agency: DLC
- Language of cataloging: eng
- Transcribing agency: DLC
- Modifying agency: DLC
- Modifying agency: OCoLC
100 1# - HEADING--PERSONAL NAME
- Personal name: ضامن، حاتم صالح
400 1# - SEE FROM TRACING--PERSONAL NAME
- Personal name: حاتم صالح الضامن
400 1# - SEE FROM TRACING--PERSONAL NAME
- Personal name: ضامن، حاتم صالح
500 ## - SEE ALSO FROM TRACING--PERSONAL NAME
- Personal name: Ḍāmin, Ḥātim Ṣāliḥ
670 ## - SOURCE DATA FOUND
- Source citation: Manq, ʻA.b.B. Khayr al-kalām fī al-taqaṣṣī ʻan aghlāṭ, 1983:
- Information found: t.p. (al-Duktūr Ḥātim Ṣāliḥ al-Ḍāmin, Kull. al-Ādāb, Jām. Baghdād)
905 ## - cataloger
- cataloger: Auth_BKS